Регионална библиотека "Любен Каравелов" - Русе

Съчинения (Запис номер 150011)

MARC детайли
000 -Лидер
Контролно поле с фиксирана дължина 02414nam a2200517 c 4500
003 - Код на организацията, давaща контролен номер
Контролно поле BLK
005 - Дата и час на последна редакция
Контролно поле 20191216173240.0
008 - Елементи от данни с фиксирана дължина
fixed length control field 180410b bul|||||r ||||||| ||bul||
010 ## - Наследен системен номер
LC control number KNG00156319000
020 ## - Международен стандартен номер на книга ISBN
Международен стандартен номер на книга ISBN 978-954-09-0539-6
-- издат.: Захарий Стоянов
040 ## - Източник на каталожния запис
Идентификатор на билиотеката - собственик на записа BLK
041 ## - Код за език
Код за езика на текст/звукозапис или на отделно заглавие Български
Код за езика КДБФ Български
072 #7 - Код за тематичната категория
Код организация bullib
Код за тематична категория Н10
Текст Философия Н
080 ## - УДК
Текстов определител УДК Общи работи. Философски науки в цялост
УДК код - определител по УДК 101
УДК определител (430)(081)
УДК - код + определител 101(430)(081)
080 ## - УДК
Текстов определител УДК Психоанализа
УДК код - определител по УДК 159.964.2
УДК определител (436)(092)
УДК - код + определител 159.964.2(436)(092)
080 ## - УДК
Текстов определител УДК Австрийски психолог и психиатър
УДК код - определител по УДК 929 Фройд, Зигмунд
УДК определител
УДК - код + определител 929 Фройд, Зигмунд
100 1# - Редна дума - Автор
Автор Фром, Ерих
Авторска отговорност първи автор
R(LIN) 135079
139 ## - Редно поле
Редна дума Фром, Ерих
Авторски знак Фро - Ф 85
245 10 - Сведения за заглавието
Заглавие Съчинения
Подзаглавни данни В 11 т.
Редно поле (дума) Ерих Фром; състав. и прев. на том Росен Петров Ангелов.
Том Т. 4
Заглавие на том Мисълта на Фройд - величие и ограничения
257 ## - Страна на издаване
Страна на създаване/издаване Германия
260 ## - Област на издателските данни
-- София
Име на издателя, разпространителя и проч. Захарий Стоянов
Година на издаване 2006 -
Печатница София : Лито Балкан
300 ## - Физическа характеристика
Размери/Мащаб 22 см
380 ## - Жанр
Жанр Философия
490 1# - СЕРИИ (Колекции)
Име на серия Поредица Философия и човек
500 ## - Общи забележки
Забележка Кор. опис. - Прев. по: Greatness and limitations of Freud's thought ; Sigmund Freud's mission ; The crisis of psychoanalysis / Erich From
505 ## - Форматирана забележка
Подзаглавни данни
Авторската отговорност
Заглавие Мисията на Зигмунд Фройд
505 ## - Форматирана забележка
Подзаглавни данни
Авторската отговорност
Заглавие Кризата на психоанализата
600 14 - Име на лице, използвано като предмет
За него / За нея Фройд, Зигмунд
9 (RLIN) 244303
650 #4 - Допълнително описание по предмет – тема
Основно описание – тема или топоним Философия, съвременна
9 (RLIN) 254592
650 #4 - Допълнително описание по предмет – тема
Основно описание – тема или топоним Психоанализа
9 (RLIN) 168303
650 #4 - Допълнително описание по предмет – тема
Основно описание – тема или топоним Фройдизъм
9 (RLIN) 176215
650 #4 - Допълнително описание по предмет – тема
Основно описание – тема или топоним Фройд, Зигмунд
9 (RLIN) 244303
651 #4 - Допълнително описание по предмет - топоним
Географско понятие Германия
9 (RLIN) 178754
651 #4 - Допълнително описание по предмет - топоним
Географско понятие Австрия
9 (RLIN) 245450
653 ## - Ключова дума – ненормативна
Ключова дума фройдизъм
653 ## - Ключова дума – ненормативна
Ключова дума психоанализа
653 ## - Ключова дума – ненормативна
Ключова дума Зигмунд Фройд
659 ## - Тематичен бюлетин
Тематичен бюлетин Н
700 1# - Други автори (авторска отговорност)
Лично име Ангелов, Росен Петров
Автороска отговорност (Описва отношението между автора и произведението) състав. и прев. на том
9 (RLIN) 380511
760 1# - Описание на основната серия
Редна дума на основното описание Фром, Ерих
Място на издаване, издател и година 2012
Страници - том 592 с.
Заглавие Т. 4 Мисълта на Фройд - величие и ограничения
852 ## - Местоположение
Форматна сигнатура Цб 235517
856 4# - Електронен адрес и достъп
Електронен формат pdf - файл
Път до файла /url/
856 4# - Електронен адрес и достъп
Електронен формат pdf - файл
Път до файла /url/
942 ## - АРТИКУЛИ
Вид на библиотечния материал Книги
Скрит в OPAC Не
Koha issues (borrowed), all copies 4
944 ## - СЪЗДАВАНЕ И РЕДАКЦИЯ на ЗАПИСА
Създаване/Редакция Създаване
Дата на регистрацията/редакция 05.02.2014
Служител, извършил регистрацията/редакцията Геновева_Генчева
944 ## - СЪЗДАВАНЕ И РЕДАКЦИЯ на ЗАПИСА
Създаване/Редакция Редакция
Дата на регистрацията/редакция 10.06.2016
Служител, извършил регистрацията/редакцията Геновева_Генчева
999 ## - СИСТЕМНИ КОНТРОЛНИ НОМЕРА
Koha biblionumber 150011
Koha biblioitemnumber 150011
Наличности
Код за отписване Код за изгубен артикул Код за повреда Коз за рестрикции Код за отдаване Артикулен № Име на библиотеката - собственик Име на библиотеката, в която се намира в момента Статус (Текущо местоположение) Дата на вписване в системата Местоположение - отдел Цена в лева Инвентарен номер Систематично азбучна сигнатура Баркод Номер на екземпляра Цена в евро Служебна бележка Служебен тип на артикула
  Не е изгубен Не е повреден без рестрикции ползва се в читалня 250475 Регионална библиотека "Любен Каравелов" Русе Регионална библиотека "Любен Каравелов" Русе Хранилище 2014-02-06 Хранилище 30.00 120000774029 Цб 235517 120000774029 1 15.34 Дост: Dp Вид: Д N: 5 Дата: 04.02.2013 Книги
  Не е изгубен Не е повреден без рестрикции заемане за дома 250476 Регионална библиотека "Любен Каравелов" Русе Регионална библиотека "Любен Каравелов" Русе Заемна - подръчен фонд 2016-04-26 Заемна - подръчен фонд 21.00 120000799829 П 101/Ф 85 120000799829 2 10.74 Дост: Pk Вид: Ф N: 2302 Дата: 25.04.2016 Дата инв: 01.02.2018 Бележки инв: П2018 Книги
Vip Innovations Ltd, Rousse, Bulgaria 2025